00517nam a2200169Ia 450000500170000000800410001702000150005808200130007310000250008624500290011126000460014030000200018650000230020694200060022995200970023599900150033220250429095553.0240331s9999 xx 000 0 und d a8170901804 bMUTa291 aMuttusamy Pillai,K.M 0aKoeit kalangiam arimugam aThanchavoorbTamil Palkalaikalazhamc1991 a248 p ., ( b 3) aKovitr kalanchiyam cL 001040708LaWERCLbWERCLcSSCd2024-03-31l0o 291.5 MUTp1523r2024-03-31w2024-03-31yL c3563d3563